[Event "ICS rated blitz match"]
[Site "207.99.83.229"]
[Date "1999.07.23"]
[Round "?"]
[White "MissSilicon"]
[Black "Hossa"]
[Result "1-0"]
[WhiteElo "2578"]
[BlackElo "2417"]
[PlyCount "201"]
[EventDate "1999.??.??"]

1. d4 d5 2. c4 e6 3. Nc3 Nf6 4. Bg5 c6 5. Nf3 Nbd7 6. e3 Bd6 7. c5 Bc7 8. Bd3
b6 9. Qa4 Bb7 10. Qb3 O-O 11. O-O h6 12. Bh4 Rb8 13. cxb6 axb6 14. e4 c5 15.
exd5 cxd4 16. Bxf6 Nxf6 17. Nxd4 exd5 18. Ncb5 Bf4 19. g3 Be5 20. Nf3 Nd7 21.
Nxe5 Nxe5 22. Be2 Rc8 23. Rfd1 Re8 24. f4 Nd7 25. Bg4 Nc5 26. Qb4 Rc6 27. Re1
Nd3 28. Rxe8+ Qxe8 29. Qd2 Rg6 30. Qxd3 Rxg4 31. Nd6 Qe7 32. Nxb7 Qxb7 33. Rd1
Qe7 34. Qxd5 Kh7 35. Kf2 Rg6 36. f5 Rf6 37. Rd4 Qe8 38. g4 Qc8 39. h3 Qc1 40.
Rd2 Rc6 41. Qd3 b5 42. Qe2 h5 43. Kg2 hxg4 44. hxg4 Rh6 45. a3 Rh4 46. Kg3 Rh1
47. Rd5 Qg5 48. Kg2 Rh4 49. Rd4 g6 50. fxg6+ fxg6 51. Qe4 Kg7 52. Qb7+ Kh6 53.
Qf3 Qe7 54. b4 Kg7 55. Qf2 Qb7+ 56. Kg3 Rh1 57. Rd6 Kh7 58. Qd4 Qc7 59. Qd3
Rg1+ 60. Kh3 Rh1+ 61. Kg2 Qb7+ 62. Qd5 Qxd5+ 63. Rxd5 Ra1 64. Rxb5 Rxa3 65. g5
Re3 66. Rd5 Kg7 67. b5 Kf7 68. Rc5 Ke6 69. Rc6+ Kf5 70. Kf2 Re5 71. b6 Rb5 72.
Ke3 Rb4 73. Kd2 Kxg5 74. Kc3 Rb1 75. Kc2 Rb5 76. Kd3 Kf5 77. Kc4 Rb1 78. Rc5+
Ke6 79. Rg5 Kf6 80. Rb5 Rc1+ 81. Kd5 Rd1+ 82. Kc6 Rc1+ 83. Rc5 Re1 84. b7 Re8
85. Rb5 Rb8 86. Kc7 Rh8 87. b8=R Rh4 88. R8b6+ Kg7 89. Rg5 Rh6 90. Kd8 Kf7 91.
Re5 Rh8+ 92. Kd7 Kg7 93. Ree6 Kh6 94. Rxg6+ Kh5 95. Rg1 Rh7+ 96. Ke6 Ra7 97.
Rb8 Ra6+ 98. Ke7 Ra7+ 99. Kd6 Ra8 100. Rxa8 Kh6 101. Rh8# {Hossa checkmated}
1-0

[Event "ICS rated blitz match"]
[Site "207.99.83.229"]
[Date "1999.07.23"]
[Round "?"]
[White "Hossa"]
[Black "SuperChicken"]
[Result "0-1"]
[WhiteElo "2411"]
[BlackElo "2759"]
[PlyCount "122"]
[EventDate "1999.??.??"]

1. d4 Nf6 2. c4 e6 3. Nc3 Bb4 4. Bg5 h6 5. Bh4 c5 6. d5 Bxc3+ 7. bxc3 d6 8. f3
e5 9. e4 Nbd7 10. Bd3 Nf8 11. Ne2 g5 12. Bf2 Ng6 13. O-O g4 14. fxg4 Nxg4 15.
Qa4+ Bd7 16. Qb3 b6 17. Bg3 Qg5 18. Rf3 Ne3 19. Qb2 f5 20. exf5 Nh4 21. Rf2 Ng4
22. Bxh4 Qxh4 23. g3 Qh5 24. Rg2 Qg5 25. Qc1 Rf8 26. Qxg5 hxg5 27. h3 Ne3 28.
Rf2 Bxf5 29. Bxf5 Rxf5 30. Rxf5 Nxf5 31. g4 Ne3 32. Ng3 Ke7 33. Nf5+ Nxf5 34.
gxf5 Rh8 35. Kg2 Rh4 36. a4 Rxc4 37. a5 Rxc3 38. axb6 axb6 39. Rb1 Rd3 40. Rxb6
Rxd5 41. Kf3 Kf6 42. Rb8 Kxf5 43. Rf8+ Kg6 44. Ke3 Rd4 45. Rc8 c4 46. Rg8+ Kf5
47. Ke2 c3 48. Rc8 Rd2+ 49. Kf3 e4+ 50. Kg3 c2 51. Rc7 e3 52. Rf7+ Ke4 53. Rc7
Rf2 54. Rc8 Kd3 55. Rc6 Rf6 56. Kg4 e2 57. Kxg5 Re6 58. h4 e1=Q 59. Rc8 Qe5+
60. Kg4 Rg6+ 61. Kf3 61... Qg3# {Hossa checkmated} 0-1

[Event "ICS rated blitz match"]
[Site "207.99.83.229"]
[Date "1999.07.23"]
[Round "?"]
[White "Kob"]
[Black "Hossa"]
[Result "1-0"]
[WhiteElo "2254"]
[BlackElo "2417"]
[PlyCount "103"]
[EventDate "1999.??.??"]

1. e4 Nf6 2. e5 Nd5 3. d4 d6 4. c4 Nb6 5. exd6 cxd6 6. Be2 e6 7. Nf3 d5 8. c5
N6d7 9. O-O Be7 10. Nc3 O-O 11. b4 a5 12. b5 Nf6 13. a4 Nbd7 14. Bf4 Ng4 15. h3
Ngf6 16. b6 Nb8 17. Bc7 Qe8 18. Ne5 Bd7 19. Nb5 Ne4 20. f3 Ng3 21. Re1 Nxe2+
22. Qxe2 Nc6 23. Nd6 Bxd6 24. Bxd6 Nxd4 25. Qd1 Nf5 26. Bxf8 Kxf8 27. Nxd7+
Qxd7 28. Qd3 Kg8 29. Qb5 Qxb5 30. axb5 Nd4 31. c6 bxc6 32. b7 Rf8 33. Rxa5 cxb5
34. Ra8 Nc6 35. Rc1 g5 36. Rxc6 Rxa8 37. bxa8=Q+ Kg7 38. Qe8 Kf6 39. Rc7 Ke5
40. Qxf7 b4 41. Rc6 Kd4 42. Qxe6 g4 43. hxg4 h6 44. Rd6 Kc3 45. Qxd5 Kb2 46.
Rc6 h5 47. gxh5 Ka3 48. h6 Kb2 49. h7 Kb1 50. h8=Q b3 51. Qd1+ Ka2 52. Qda1# {
Hossa checkmated} 1-0

[Event "ICS rated blitz match"]
[Site "207.99.83.229"]
[Date "1999.07.23"]
[Round "?"]
[White "SuperChicken"]
[Black "Hossa"]
[Result "1-0"]
[WhiteElo "2763"]
[BlackElo "2405"]
[PlyCount "79"]
[EventDate "1999.??.??"]

1. e4 Nf6 2. e5 Nd5 3. d4 d6 4. Nf3 Bg4 5. Be2 Nc6 6. O-O h6 7. c4 Nb6 8. exd6
exd6 9. h3 Bh5 10. Nbd2 d5 11. c5 Nc8 12. Qb3 Rb8 13. Re1 N8e7 14. Bb5 f6 15.
Bxc6+ bxc6 16. Qa4 Kf7 17. Qxa7 Kg8 18. Qa6 Rh7 19. Qe2 Qd7 20. Nb3 Re8 21. Qd3
Kh8 22. a4 Qc8 23. a5 Bg6 24. Qc3 Qb8 25. Bf4 Bh5 26. a6 Qa7 27. Qa5 Bxf3 28.
gxf3 Qb8 29. a7 Qa8 30. Qxc7 g5 31. Bd6 Kg8 32. Qd7 Kf7 33. Bxe7 Rxe7 34. Rxe7+
Bxe7 35. Na5 Rh8 36. Nxc6 Rc8 37. Re1 Rg8 38. Rxe7+ Kg6 39. Ne5+ Kh5 40. Qg4# {
Hossa checkmated} 1-0

[Event "ICS rated blitz match"]
[Site "207.99.83.229"]
[Date "1999.07.23"]
[Round "?"]
[White "bot"]
[Black "Hossa"]
[Result "1-0"]
[WhiteElo "2870"]
[BlackElo "2401"]
[PlyCount "77"]
[EventDate "1999.??.??"]

1. d4 d5 2. c4 e6 3. Nc3 Nf6 4. Bg5 c6 5. e3 Be7 6. Nf3 Nbd7 7. Bd3 O-O 8. O-O
Ng4 9. Bxe7 Qxe7 10. cxd5 cxd5 11. h3 Ngf6 12. Rc1 e5 13. dxe5 Nxe5 14. Be2 Qe6
15. Nb5 Ne8 16. Rc5 Qf6 17. Nc3 Be6 18. b3 Qe7 19. Rb5 Nxf3+ 20. Bxf3 Rd8 21.
Nxd5 Qg5 22. h4 Qxh4 23. Rxb7 Bxd5 24. Bxd5 Qg5 25. e4 Nd6 26. f4 Qh4 27. Rb4
Rc8 28. Qd3 a5 29. Rb6 Ne8 30. Ra6 Rc5 31. Ra7 Qf6 32. Qe3 Qd6 33. Rd1 Kh8 34.
e5 Rxd5 35. exd6 Rxd1+ 36. Kh2 Nxd6 37. Rxa5 Re8 38. Re5 Rxe5 39. fxe5 {
Hossa resigns} 1-0

[Event "ICS rated blitz match"]
[Site "207.99.83.229"]
[Date "1999.07.23"]
[Round "?"]
[White "Slivovitz"]
[Black "Hossa"]
[Result "0-1"]
[WhiteElo "2168"]
[BlackElo "2406"]
[PlyCount "60"]
[EventDate "1999.??.??"]

1. Nf3 Nf6 2. Nc3 d5 3. d4 e6 4. Bg5 Be7 5. Bxf6 Bxf6 6. e4 O-O 7. e5 Be7 8.
Bd3 f6 9. Qe2 c5 10. dxc5 Bxc5 11. O-O-O Nc6 12. exf6 Qxf6 13. h4 Bb4 14. Ng5
h6 15. Nh7 Qf4+ 16. Kb1 Rd8 17. g3 Qf7 18. g4 e5 19. h5 Bxc3 20. Bg6 Qf4 21.
bxc3 Bxg4 22. Qd3 Bxd1 23. Qxd1 Qxf2 24. Rf1 Qb6+ 25. Ka1 Ne7 26. Qg4 Kh8 27.
Rf7 Nxg6 28. hxg6 Rdc8 29. Nf6 Qe3 30. Nh5 30... Qc1# {Slivovitz checkmated}
0-1

[Event "ICS rated blitz match"]
[Site "207.99.83.229"]
[Date "1999.07.23"]
[Round "?"]
[White "Hossa"]
[Black "Slivovitz"]
[Result "1/2-1/2"]
[WhiteElo "2412"]
[BlackElo "2159"]
[PlyCount "102"]
[EventDate "1999.??.??"]

1. d4 Nf6 2. c4 d6 3. Nc3 g6 4. e4 Nbd7 5. Bd3 e5 6. d5 Bg7 7. Nge2 O-O 8. O-O
Nc5 9. f4 exf4 10. Bxf4 Ng4 11. Bb1 Be5 12. h3 Bxf4 13. Rxf4 Ne5 14. b4 Na6 15.
Qb3 Qg5 16. h4 Qh6 17. g3 Bg4 18. Nd4 c5 19. dxc6 bxc6 20. a3 Rab8 21. Qa4 Rb6
22. c5 dxc5 23. bxc5 Nxc5 24. Qxa7 Rfb8 25. Nxc6 Nxc6 26. Qxf7+ Kh8 27. Bc2 Ne5
28. Qd5 Ncd7 29. Qd4 Qg7 30. Kg2 Rb2 31. Ra2 Rxa2 32. Nxa2 h5 33. Nc3 Nf3 34.
Qxg7+ Kxg7 35. Bd1 Nfe5 36. Bxg4 hxg4 37. a4 Rb2+ 38. Rf2 Rxf2+ 39. Kxf2 Nc5
40. Ke3 Kf6 41. Nd5+ Kf7 42. Kd4 Ned7 43. Ne3 Nxa4 44. Nxg4 Nab6 45. Ne3 Nc8
46. g4 Ne7 47. h5 gxh5 48. gxh5 Nf6 49. h6 Neg8 50. e5 Nxh6 51. exf6 51... Kxf6
{Game drawn because neither player has mating material} 1/2-1/2

[Event "ICS rated blitz match"]
[Site "207.99.83.229"]
[Date "1999.07.23"]
[Round "?"]
[White "Slivovitz"]
[Black "Hossa"]
[Result "0-1"]
[WhiteElo "2169"]
[BlackElo "2402"]
[PlyCount "44"]
[EventDate "1999.??.??"]

1. e4 Nf6 2. e5 Nd5 3. d4 d6 4. c4 Nb6 5. exd6 cxd6 6. Be2 e6 7. Nf3 d5 8. c5
N6d7 9. b4 Be7 10. O-O a5 11. b5 O-O 12. a4 e5 13. Ba3 exd4 14. Qc2 Qc7 15. Rc1
Re8 16. Bd3 Nf6 17. Nxd4 Qf4 18. Ne2 Qh4 19. Nd2 Ng4 20. Nf3 Qxf2+ 21. Kh1 Ne3
22. Bxh7+ 22... Kh8 {Slivovitz resigns} 0-1

[Event "ICS rated blitz match"]
[Site "207.99.83.229"]
[Date "1999.07.23"]
[Round "?"]
[White "Hossa"]
[Black "Slivovitz"]
[Result "1-0"]
[WhiteElo "2409"]
[BlackElo "2178"]
[PlyCount "71"]
[EventDate "1999.??.??"]

1. d4 d5 2. c4 c6 3. Nc3 Nf6 4. cxd5 cxd5 5. f3 Nc6 6. e4 e6 7. e5 Nd7 8. f4 a6
9. Nf3 g6 10. Be2 Be7 11. O-O b5 12. Be3 Nb6 13. Qc2 Bd7 14. a4 b4 15. Nd1 a5
16. Rc1 Rc8 17. Qd2 O-O 18. f5 exf5 19. Bh6 Re8 20. Bb5 Na7 21. Rxc8 Nbxc8 22.
Bxd7 Qxd7 23. Nf2 Nb6 24. Qd3 Qxa4 25. Qa6 Nbc8 26. Rc1 Bf8 27. Bxf8 Rxf8 28.
Nd3 Qb5 29. Qxb5 Nxb5 30. Nf4 a4 31. Nxd5 a3 32. Nxb4 axb2 33. Rb1 Rd8 34. Nc6
Rd7 35. Rxb2 Nc7 36. Rb8 {Slivovitz resigns} 1-0

[Event "ICS rated blitz match"]
[Site "207.99.83.229"]
[Date "1999.07.23"]
[Round "?"]
[White "SuperChicken"]
[Black "Hossa"]
[Result "1-0"]
[WhiteElo "2755"]
[BlackElo "2416"]
[PlyCount "105"]
[EventDate "1999.??.??"]

1. e4 Nf6 2. e5 Nd5 3. d4 d6 4. Nf3 Bg4 5. Be2 Nc6 6. O-O e6 7. c4 Nb6 8. exd6
cxd6 9. d5 exd5 10. cxd5 Bxf3 11. Bxf3 Ne5 12. Be4 Be7 13. Nc3 O-O 14. Qh5 g6
15. Qe2 Re8 16. Re1 Rc8 17. Bf4 f5 18. Bxe5 dxe5 19. d6 Bxd6 20. Bxb7 Rc7 21.
Qa6 Ree7 22. Bd5+ Kh8 23. Bb3 Rcd7 24. Rac1 e4 25. Nd5 Re5 26. Nxb6 Qxb6 27.
Rc8+ Kg7 28. Qc4 Rd5 29. Rg8+ Kxg8 30. Qxd5+ Kg7 31. Kf1 Kh6 32. Qd2+ g5 33.
Qd5 Qa6+ 34. Re2 Rc7 35. Qe6+ Kh5 36. g3 Qd3 37. Qxf5 Qf3 38. Qxf3+ exf3 39.
Rd2 Be5 40. Bd1 Rc1 41. Ke1 a6 42. Rd7 Bxb2 43. Kd2 Kg4 44. Rxh7 Ra1 45. Bc2
Rh1 46. Be4 a5 47. Rf7 Kh3 48. Bxf3 Kxh2 49. Ke2 Kg1 50. Rd7 Bd4 51. Rxd4 g4
52. Rd1+ Kh2 53. Rxh1# {Hossa checkmated} 1-0

[Event "ICS rated blitz match"]
[Site "207.99.83.229"]
[Date "1999.07.23"]
[Round "?"]
[White "DrQuack"]
[Black "Hossa"]
[Result "0-1"]
[WhiteElo "2600"]
[BlackElo "2412"]
[PlyCount "94"]
[EventDate "1999.??.??"]

1. e4 Nf6 2. e5 Nd5 3. c4 Nb6 4. c5 Nd5 5. Nc3 e6 6. Bc4 Nxc3 7. dxc3 Nc6 8. b4
Nxe5 9. Qe2 Nxc4 10. Qxc4 d5 11. cxd6 Bxd6 12. Be3 a5 13. Nf3 axb4 14. cxb4 Qe7
15. Rb1 e5 16. O-O Qe6 17. Qxe6+ Bxe6 18. Bc5 Bg4 19. Rb3 Rxa2 20. Re1 O-O 21.
Nxe5 Bxe5 22. Bxf8 Kxf8 23. h3 Bd4 24. Rd3 Bxf2+ 25. Kf1 Bxe1 26. hxg4 Bxb4 27.
Rd8+ Ke7 28. Rc8 Kd7 29. Rb8 Kc6 30. Rh8 h6 31. Rh7 Bc3 32. g3 Be5 33. Ke1
Bxg3+ 34. Kd1 Be5 35. Kc1 Rg2 36. g5 hxg5 37. Rh8 f5 38. Rf8 f4 39. Rf5 Kd6 40.
Rf7 g4 41. Kd1 Ke6 42. Rf8 g5 43. Re8+ Kf5 44. Rf8+ Ke4 45. Ke1 Bd4 46. Re8+
Kd3 47. Kf1 47... Rg1# {DrQuack checkmated} 0-1

[Event "ICS rated blitz match"]
[Site "207.99.83.229"]
[Date "1999.07.23"]
[Round "?"]
[White "Hossa"]
[Black "DrQuack"]
[Result "1-0"]
[WhiteElo "2436"]
[BlackElo "2576"]
[PlyCount "49"]
[EventDate "1999.??.??"]

1. d4 Nf6 2. c4 c5 3. d5 d6 4. Nc3 e5 5. e4 h5 6. Bd3 Na6 7. Nge2 Nc7 8. O-O
Be7 9. f4 Ng4 10. h3 Nf6 11. fxe5 dxe5 12. Be3 b6 13. Qe1 h4 14. Rd1 Nh5 15.
Qf2 O-O 16. Qf3 g6 17. Bh6 Ng7 18. g4 a6 19. Qe3 Kh7 20. Na4 Rb8 21. b4 cxb4
22. Nxb6 Rxb6 23. Bxg7 Nxd5 24. Qh6+ Kg8 25. Qh8# {DrQuack checkmated} 1-0

[Event "ICS rated blitz match"]
[Site "207.99.83.229"]
[Date "1999.07.23"]
[Round "?"]
[White "DrQuack"]
[Black "Hossa"]
[Result "0-1"]
[WhiteElo "2554"]
[BlackElo "2458"]
[PlyCount "64"]
[EventDate "1999.??.??"]

1. e4 Nf6 2. Nc3 d5 3. e5 d4 4. exf6 dxc3 5. bxc3 exf6 6. Nf3 Bd6 7. Bc4 Be6 8.
Qe2 O-O 9. O-O Bxc4 10. Qxc4 Nd7 11. d4 Nb6 12. Qd3 c5 13. a4 cxd4 14. cxd4 Rc8
15. a5 Nc4 16. a6 b6 17. Ra4 b5 18. Ra2 Re8 19. Nh4 b4 20. Nf5 Qc7 21. h4 Rcd8
22. h5 Rd7 23. Qh3 Bf8 24. g4 g6 25. Ng3 Rxd4 26. Ne2 Rxe2 27. c3 Rxg4+ 28.
Qxg4 Rxa2 29. hxg6 fxg6 30. Kg2 Qc6+ 31. Kh3 bxc3 32. Rd1 32... Rxf2 {
DrQuack resigns} 0-1

[Event "ICS rated blitz match"]
[Site "207.99.83.229"]
[Date "1999.07.23"]
[Round "?"]
[White "Hossa"]
[Black "DrQuack"]
[Result "1-0"]
[WhiteElo "2478"]
[BlackElo "2534"]
[PlyCount "117"]
[EventDate "1999.??.??"]

1. d4 Nf6 2. c4 Nc6 3. Nc3 e5 4. d5 Ne7 5. e4 Ng6 6. Bd3 a5 7. Nge2 Bc5 8. O-O
d6 9. Be3 Bxe3 10. fxe3 Ng4 11. Qd2 O-O 12. h3 Nf6 13. Rf2 Nh5 14. Nb5 Bd7 15.
a4 c6 16. Nxd6 Bxh3 17. Nxb7 Qc8 18. Nxa5 Bd7 19. b4 Nh4 20. dxc6 Bxc6 21. Nxc6
Qxc6 22. g3 Ng6 23. a5 Nf6 24. Nc3 Ng4 25. b5 Qc5 26. Rf3 h5 27. Na4 Qc8 28.
Nb6 Qb7 29. Nxa8 Rxa8 30. a6 Qb6 31. Raf1 f6 32. Rc1 Qc5 33. Bf1 Ne7 34. Bh3
Kh7 35. Bxg4 hxg4 36. Rf2 Kg6 37. Qe2 Rh8 38. Qxg4+ Kf7 39. Qf3 Nc8 40. Rfc2
Nd6 41. Rc3 Rh3 42. Qg2 Rh5 43. g4 Rg5 44. Kh2 Qc8 45. a7 Rxg4 46. Qxg4 Qxg4
47. a8=Q Qe2+ 48. Kg3 f5 49. Qd5+ Ke7 50. Qxe5+ Kd7 51. exf5 g6 52. Qe6+ Kc7
53. fxg6 Qh5 54. Qe7+ Kc8 55. Qxd6 Kb7 56. Qd5+ Kb6 57. Qc6+ Ka7 58. Qc7+ Ka8
59. Ra3# {DrQuack checkmated} 1-0

[Event "ICS rated blitz match"]
[Site "207.99.83.229"]
[Date "1999.07.23"]
[Round "?"]
[White "TDChess"]
[Black "Hossa"]
[Result "1-0"]
[WhiteElo "2529"]
[BlackElo "2497"]
[PlyCount "189"]
[EventDate "1999.??.??"]

1. e4 Nf6 2. e5 Nd5 3. Nf3 d6 4. d4 Bg4 5. Be2 Nc6 6. O-O dxe5 7. dxe5 e6 8. c4
Nb6 9. Bf4 Be7 10. Qc1 Nd7 11. Rd1 O-O 12. Nc3 f6 13. Ng5 Bf5 14. exf6 Bxf6 15.
Bf3 Bxc3 16. Qxc3 e5 17. Be3 Qf6 18. g4 Nd4 19. gxf5 Nxf3+ 20. Nxf3 Qxf5 21.
Nh4 Qg4+ 22. Ng2 Rf7 23. c5 c6 24. Rd6 Raf8 25. Rad1 e4 26. Rc1 Qh3 27. a3 Re8
28. Bf4 Qh5 29. Rd4 Qf5 30. Qa5 Ne5 31. Rd6 Nd3 32. Rxd3 exd3 33. Qc3 Rd8 34.
Re1 d2 35. Rd1 Rd5 36. h4 Rxc5 37. Qxd2 Rc2 38. Qb4 Qf6 39. Re1 Qd8 40. Qb3 Rc5
41. Bg5 Qc8 42. Rd1 Rd5 43. Rxd5 cxd5 44. Qxd5 Qc2 45. Qd4 Qe2 46. b4 b5 47.
Be3 h6 48. Qd5 Qc4 49. Qd8+ Kh7 50. Qa5 Qe2 51. Bxa7 g5 52. Be3 Qd1+ 53. Kh2
Qd6+ 54. f4 gxf4 55. Qb6 Qf8 56. Bd2 f3 57. h5 Rf6 58. Qc7+ Kg8 59. Nf4 f2 60.
Kg2 Rf7 61. Qc1 Rf5 62. Kf1 Qe8 63. Be3 Qf8 64. Qc7 Qa8 65. Kxf2 Qa6 66. Bd4
Rxf4+ 67. Qxf4 Qc6 68. Bc5 Qe6 69. Qb8+ Kh7 70. Qxb5 Qf6+ 71. Ke3 Qe6+ 72. Kd3
Qd5+ 73. Kc3 Qe5+ 74. Kb3 Qd5+ 75. Qc4 Qf3+ 76. Kb2 Qxh5 77. Qe6 Qh2+ 78. Kb3
Qd2 79. Qf7+ Kh8 80. Qe8+ Kh7 81. Qe4+ Kg8 82. Qg6+ Kh8 83. a4 Qd1+ 84. Kc4
Qe2+ 85. Kd5 Qf3+ 86. Ke6 Qc6+ 87. Bd6 Qc8+ 88. Kd5 Qb7+ 89. Kd4 Qa7+ 90. Ke4
Qb7+ 91. Kf4 Qg7 92. Be5 Qxe5+ 93. Kxe5 h5 94. Kf6 h4 95. Qg7# {
Hossa checkmated} 1-0

[Event "ICS Rated blitz match"]
[Site "207.99.83.229"]
[Date "1999.07.23"]
[Round "?"]
[White "DrQuack"]
[Black "Hossa"]
[Result "0-1"]
[WhiteElo "2515"]
[BlackElo "2482"]
[PlyCount "94"]
[EventDate "1999.??.??"]

1. e4 Nf6 2. e5 Nd5 3. Nf3 d6 4. Bc4 c6 5. Bxd5 cxd5 6. O-O Bg4 7. Re1 Nc6 8.
d4 Bxf3 9. gxf3 dxe5 10. dxe5 e6 11. Nc3 Bb4 12. Bd2 O-O 13. a3 Bxc3 14. Bxc3
Qg5+ 15. Kh1 Qh4 16. Qd2 Rfe8 17. b4 d4 18. Bb2 a6 19. Re4 Qh5 20. Qe2 Red8 21.
Rd1 Rd5 22. f4 Qh3 23. Rd3 Qh4 24. Bxd4 f5 25. exf6 Nxd4 26. Rexd4 Qxf6 27.
Rxd5 exd5 28. Qf3 Rd8 29. c4 dxc4 30. Rxd8+ Qxd8 31. Qxb7 Qd1+ 32. Kg2 Qg4+ 33.
Kf1 Qh3+ 34. Ke1 Qc3+ 35. Kf1 Qd3+ 36. Kg2 c3 37. Qc8+ Kf7 38. Qc7+ Kg6 39. h4
c2 40. h5+ Kh6 41. Qe5 Qb5 42. Qe3 Qc6+ 43. Kg3 c1=Q 44. f5+ Kxh5 45. Qe2+ Kh6
46. f6 Qg1+ 47. Kh4 47... Qch1# {DrQuack checkmated} 0-1

[Event "ICS rated blitz match"]
[Site "207.99.83.229"]
[Date "1999.07.23"]
[Round "?"]
[White "Hossa"]
[Black "Talmoves"]
[Result "0-1"]
[WhiteElo "2500"]
[BlackElo "2633"]
[PlyCount "50"]
[EventDate "1999.??.??"]

1. d4 Nf6 2. c4 e6 3. Nc3 Bb4 4. Bg5 h6 5. Bh4 c5 6. d5 d6 7. Rc1 e5 8. a3
Bxc3+ 9. Rxc3 g5 10. Bg3 Ne4 11. Re3 Qa5+ 12. b4 cxb4 13. Qc1 bxa3+ 14. Kd1 a2
15. Ra3 Qb4 16. f3 Bd7 17. Kc2 Ba4+ 18. Rxa4 Qxa4+ 19. Kb2 Nd2 20. Qa1 Nxc4+
21. Kc3 Na6 22. Bxe5 Qb4+ 23. Kc2 Qd2+ 24. Kb3 Na5+ 25. Ka4 25... Qb4# {
Hossa checkmated} 0-1

[Event "ICS rated blitz match"]
[Site "207.99.83.229"]
[Date "1999.07.23"]
[Round "?"]
[White "Talmoves"]
[Black "Hossa"]
[Result "1-0"]
[WhiteElo "2643"]
[BlackElo "2490"]
[PlyCount "76"]
[EventDate "1999.??.??"]

1. e4 Nf6 2. e5 Nd5 3. d4 d6 4. Nf3 Bg4 5. Be2 Nc6 6. O-O e6 7. c4 Nb6 8. exd6
cxd6 9. d5 exd5 10. cxd5 Bxf3 11. gxf3 Ne5 12. Bb5+ Ned7 13. Qd4 f6 14. Qg4 Qe7
15. Be3 a6 16. Bxb6 axb5 17. Nc3 Ne5 18. Qe4 Ra6 19. Bd4 b4 20. Nb5 Ra5 21.
Bxe5 fxe5 22. Qxb4 b6 23. Rfc1 Qg5+ 24. Kf1 Qh6 25. Rc7 Qg6 26. Qc4 Be7 27.
Qc6+ Kf8 28. Qd7 Kg8 29. Qxe7 h5 30. Nxd6 Rxd5 31. Ne4 Kh7 32. Nf6+ Kh6 33.
Nxd5 Re8 34. Qd7 Re6 35. Ne7 Rxe7 36. Qxe7 Kh7 37. Rd1 Kh6 38. Rd6 38... Kh7 {
Hossa resigns} 1-0

[Event "ICS rated blitz match"]
[Site "207.99.83.229"]
[Date "1999.07.23"]
[Round "?"]
[White "MissSilicon"]
[Black "Hossa"]
[Result "1-0"]
[WhiteElo "2595"]
[BlackElo "2484"]
[PlyCount "76"]
[EventDate "1999.??.??"]

1. e4 Nf6 2. e5 Nd5 3. c4 Nb6 4. d4 d6 5. exd6 Qxd6 6. Nc3 Qd8 7. Nf3 Bg4 8. c5
N6d7 9. Bc4 e6 10. Bg5 f6 11. Be3 Nc6 12. O-O e5 13. Ng5 fxg5 14. Qxg4 exd4 15.
Bxd4 Nxd4 16. Qxd4 Qf6 17. Qe4+ Qe7 18. Qxb7 Rb8 19. Qxc7 Qxc5 20. Rae1+ Be7
21. Nd5 Qxc7 22. Nxc7+ Kd8 23. Ne6+ Ke8 24. Nxg7+ Kd8 25. Ne6+ Ke8 26. b3 h6
27. Nd4 Nf6 28. Nc6 Rb7 29. Re6 Ng8 30. Rg6 Rc7 31. Bxg8 Rxc6 32. Rxc6 Rxg8 33.
Rxh6 Rf8 34. Ra6 Rf6 35. Rxa7 Re6 36. a4 Re2 37. a5 Bc5 38. Rb7 38... Bd4 {
Hossa resigns} 1-0

[Event "ICS rated blitz match"]
[Site "207.99.83.229"]
[Date "1999.07.23"]
[Round "?"]
[White "Hossa"]
[Black "MissSilicon"]
[Result "0-1"]
[WhiteElo "2473"]
[BlackElo "2592"]
[PlyCount "77"]
[EventDate "1999.??.??"]

1. d4 Nf6 2. c4 e5 3. d5 Bc5 4. e3 d6 5. Bd3 Na6 6. e4 Ng4 7. Nh3 O-O 8. O-O h5
9. Bg5 f6 10. Bc1 c6 11. Qe2 Nb4 12. Kh1 cxd5 13. exd5 Nxd3 14. Qxd3 Qb6 15.
Kg1 h4 16. Nd2 Qa6 17. Nf3 Bd7 18. Nxh4 b5 19. Ng6 Rfe8 20. b3 bxc4 21. bxc4
Qc8 22. Nh4 e4 23. Qc3 e3 24. Qc2 exf2+ 25. Kh1 Bd4 26. Rb1 Bb5 27. Bb2 Bxb2
28. Nf5 Bxc4 29. Ng5 fxg5 30. Nxd6 Bxf1 31. Nxc8 Bxg2+ 32. Kxg2 f1=Q+ 33. Kxf1
Ne3+ 34. Kg1 Nxc2 35. Rxb2 Raxc8 36. d6 Re1+ 37. Kg2 Re2+ 38. Kg1 Rd8 39. h3 {
Hossa resigns} 0-1

[Event "ICS rated blitz match"]
[Site "207.99.83.229"]
[Date "1999.07.23"]
[Round "?"]
[White "wimpy"]
[Black "Hossa"]
[Result "0-1"]
[WhiteElo "2032"]
[BlackElo "2462"]
[PlyCount "56"]
[EventDate "1999.??.??"]

1. e4 Nf6 2. Nc3 d5 3. exd5 Nxd5 4. d4 Nxc3 5. bxc3 Nc6 6. Nf3 Bg4 7. Bc4 e5 8.
O-O Be7 9. d5 Nb8 10. h3 Bxf3 11. Qxf3 O-O 12. Bd3 Nd7 13. c4 Nc5 14. Re1 Bf6
15. Ba3 Nxd3 16. cxd3 Re8 17. Re4 c6 18. dxc6 bxc6 19. Rb1 Qd7 20. Rg4 Rab8 21.
Rxb8 Rxb8 22. Kh2 Kh8 23. Bc5 Rb2 24. Bf8 Rd2 25. Qxf6 gxf6 26. Bg7+ Kg8 27.
Bh6+ Qxg4 28. hxg4 28... Rxd3 {wimpy resigns} 0-1

[Event "ICS Rated blitz match"]
[Site "207.99.83.229"]
[Date "1999.07.23"]
[Round "?"]
[White "blunite"]
[Black "Hossa"]
[Result "0-1"]
[WhiteElo "2181"]
[BlackElo "2464"]
[PlyCount "106"]
[EventDate "1999.??.??"]

1. d4 d5 2. Nf3 Nf6 3. e3 c6 4. Bd3 Bg4 5. Nbd2 Nbd7 6. h3 Bxf3 7. Nxf3 Qa5+ 8.
c3 Qc7 9. O-O e5 10. dxe5 Nxe5 11. Be2 Nxf3+ 12. Bxf3 Bd6 13. b3 O-O 14. Bb2
Rad8 15. Qc2 Rde8 16. Rad1 Ne4 17. c4 Qa5 18. cxd5 cxd5 19. Ba1 Bb4 20. Bxe4
Rxe4 21. Rd4 Rfe8 22. Rfd1 Rxd4 23. Rxd4 Bd6 24. Qd2 Qxd2 25. Rxd2 Rc8 26. Bb2
Rd8 27. Kf1 Bc5 28. Ke2 a5 29. Bc3 Bb6 30. Bd4 Bxd4 31. Rxd4 b6 32. Kd2 f5 33.
Rd3 Kf7 34. g3 h5 35. Rd4 g5 36. h4 g4 37. Kc2 Rc8+ 38. Kd2 Ke6 39. Rd3 b5 40.
Rc3 Rxc3 41. Kxc3 b4+ 42. Kd4 Kd6 43. Kd3 Ke5 44. Kd2 Ke4 45. Ke2 d4 46. exd4
Kxd4 47. Kd2 Ke4 48. Ke2 f4 49. gxf4 Kxf4 50. Ke1 g3 51. fxg3+ Kxg3 52. Kf1
Kxh4 53. Kg2 53... Kg4 {blunite resigns} 0-1

[Event "ICS Rated blitz match"]
[Site "207.99.83.229"]
[Date "1999.07.23"]
[Round "?"]
[White "Hossa"]
[Black "blunite"]
[Result "1-0"]
[WhiteElo "2469"]
[BlackElo "2176"]
[PlyCount "22"]
[EventDate "1999.??.??"]

1. d4 Nf6 2. c4 e6 3. Nc3 Bb4 4. Bg5 c5 5. Bxf6 Qxf6 6. e3 Nc6 7. a3 Bxc3+ 8.
bxc3 d6 9. Bd3 O-O 10. Qh5 g6 11. Qf3 11... e5 {blunite resigns} 1-0

[Event "ICS Rated blitz match"]
[Site "207.99.83.229"]
[Date "1999.07.23"]
[Round "?"]
[White "MissSilicon"]
[Black "Hossa"]
[Result "1-0"]
[WhiteElo "2610"]
[BlackElo "2474"]
[PlyCount "90"]
[EventDate "1999.??.??"]

1. e4 Nf6 2. e5 Nd5 3. d4 d6 4. Nf3 Bg4 5. h3 Bh5 6. c4 Nb6 7. exd6 Qxd6 8. Nc3
Nc6 9. Nb5 Qd8 10. g4 a6 11. Nxc7+ Qxc7 12. gxh5 e5 13. c5 Nd7 14. d5 Na7 15.
b4 O-O-O 16. Bd3 Kb8 17. O-O Nf6 18. d6 Bxd6 19. cxd6 Qxd6 20. Bc2 Qe6 21. Qe2
Nc6 22. Bb3 Qf5 23. Bxf7 e4 24. Ng5 Nxb4 25. f3 exf3 26. Rxf3 Qc5+ 27. Be3 Qf8
28. Rc1 Nd3 29. Rc3 h6 30. Ne6 Qxf7 31. Qh2+ Ka8 32. Nc7+ Qxc7 33. Qxc7 Nd5 34.
Qxd8+ Rxd8 35. Rxd3 b5 36. Rf5 Nxe3 37. Rxd8+ Kb7 38. Rf7+ Kc6 39. Rxg7 a5 40.
Rc8+ Kd5 41. Rg5+ hxg5 42. h6 b4 43. h7 g4 44. Rd8+ Ke6 45. h8=Q 45... Nf5 {
Hossa resigns} 1-0

[Event "ICS Rated blitz match"]
[Site "207.99.83.229"]
[Date "1999.07.23"]
[Round "?"]
[White "Hossa"]
[Black "MissSilicon"]
[Result "0-1"]
[WhiteElo "2464"]
[BlackElo "2620"]
[PlyCount "60"]
[EventDate "1999.??.??"]

1. d4 Nf6 2. c4 g6 3. Nc3 d5 4. cxd5 Nxd5 5. e4 Nxc3 6. bxc3 c5 7. Be3 Bg7 8.
Bc4 O-O 9. Ne2 cxd4 10. cxd4 Nc6 11. Qd2 Na5 12. Bd3 Nc6 13. Rd1 Nxd4 14. Nxd4
Bxd4 15. Bb5 Qb6 16. Qxd4 Qxb5 17. Bh6 e5 18. Qd6 Be6 19. Bxf8 Rxf8 20. a3 Rc8
21. Qe7 Rc2 22. Rd8+ Kg7 23. Qf8+ Kf6 24. Qh8+ Kg5 25. f4+ Kg4 26. h3+ Kg3 27.
Rd2 Rc1+ 28. Rd1 Qc5 29. Rxc1 Qxc1+ 30. Ke2 30... Bc4# {Hossa checkmated} 0-1